Geschichte Mittelschweer - Statistics

General Stats
  • This quiz has been taken 208 times
  • The average score is 6 of 15
Answer Stats
Frage Antwort % Correct
Welche Krankheit wurde am 1.Dezember 2019 in China endeckt Corona
98%
Spitzname von Elisabeth von Österreich-Ungarn Sissi
75%
Bundeskanzler von 1974 bis 1982 Helmut Schmidt
60%
Erfinder des Autos Carl Benz
54%
In welcher Stadt gab es das erste Deutsche Parlerment Frankfurt
37%
In welchem heutigen Land entstand der Islam Saudi Arabien
35%
In welcher Stadt entstand der Jazz um 1900 New Orleans
30%
Von welchem Land wurde 1864 das erste U-Boot im Krieg eingesetzt USA
29%
in welchem Jahr wurde Napoleon Kaiser 1804
25%
Wer war römischer Stadthalter in Judäa von 26–36 n.Chr Pontius Pilatus
22%
Welcher US Präsident trat in den 1. Weltkrieg ein Woodrow Wilson
21%
In welcher Europäischen Stadt wurde der Buchdruck erfunden Mainz
20%
Name der zweiten Atombombe die abgeworfen wurde Fat Man
19%
Welches europäische und bis heute bestehende Land gibt es seit 301 n.Chr San Marino
16%
In welchem Jahr endete der Chinesische Bürgerkrieg 1949
14%
No matching quizzes found
Score Distribution
Percent of People with Each Score
Percentile by Number Answered
Your Score History
You have not taken this quiz